Declaracin̤ de Renta Personas Naturales Conocimientos bs̀icos a travš de preguntas y respuestas /

Detalles Bibliográficos
Autor principal: Arango Mn︢era, Ivǹ Daro̕
Formato: eBook
Lenguaje:español
Publicado: Bogot:̀ Ediciones de la U, 2016
Edición:2da. Edicin̤
Materias:
Acceso en línea:Acceso restringido

MARC

LEADER 00000nam a22000007a 4500
005 20210617223250.0
007 cr|||| ||||
008 210617s2016 co |||||s|||| 00||0 spa d
020 |a 978-958-762-604-9 
035 |a 33529 
040 |a vLex 
090 |c 11809  |d 11809 
100 1 |a Arango Mn︢era, Ivǹ Daro̕ 
245 1 0 |a Declaracin̤ de Renta Personas Naturales  |h [Recurso electrn̤ico] :  |b Conocimientos bs̀icos a travš de preguntas y respuestas /  |c Ivǹ Daro̕ Arango Mn︢era 
250 |a 2da. Edicin̤ 
256 |a Servicio en ln̕ea 
260 |a Bogot:̀  |b Ediciones de la U,  |c 2016 
300 |a 1 recurso electrn̤ico 
506 1 |a Disponible solo en los productos indicados  |d vLex Global  |d vLex Global (Academic Edition, excluding Law Schools)  |d vLex Global (U.S. Academic Edition, Law Schools)  |d vLex Global (U.S. Academic Edition, excluding Law Schools)  |d vLex Global (Academic Edition, Law Schools) 
650 0 4 |a Derecho Tributario  |z Colombia 
650 0 4 |a Contabilidad  |z Colombia 
650 0 4 |a Banca y finanzas  |z Colombia 
740 0 |a vLex Libros (Servicio en ln̕ea) 
856 4 0 |u https://vlex.com/source/declaracion-de-renta-personas-naturales-conocimientos-basicos-a-traves-de-preguntas-y-respuestas-2da-edicion-33529  |z Acceso restringido 
942 |c BOOK 
999 0 |a Tax Law 
999 0 |a Accounting 
999 0 |a Banking and finance